Principles of stellar evolution and nucleosynthesis : (Record no. 19148)

MARC details
000 -LEADER
fixed length control field 01145cam a2200325 i 4500
001 - CONTROL NUMBER
control field 3295358
003 - CONTROL NUMBER IDENTIFIER
control field EG-ScBUE
005 - DATE AND TIME OF LATEST TRANSACTION
control field 20250114132411.0
008 - FIXED-LENGTH DATA ELEMENTS--GENERAL INFORMATION
fixed length control field 830609t1983 ilua f b 001 0 eng d
020 ## - INTERNATIONAL STANDARD BOOK NUMBER
International Standard Book Number 0226109534 (pbk.)
020 ## - INTERNATIONAL STANDARD BOOK NUMBER
International Standard Book Number 9780226109534
040 ## - CATALOGING SOURCE
Original cataloging agency DLC
Language of cataloging eng
Description conventions rda
Transcribing agency DLC
Modifying agency DLC
-- EG-ScBUE
082 04 - DEWEY DECIMAL CLASSIFICATION NUMBER
Classification number 521.58
Edition number 22
Item number CLA
100 1# - MAIN ENTRY--PERSONAL NAME
Personal name Clayton, Donald D.,
Relator term author.
9 (RLIN) 37566
245 10 - TITLE STATEMENT
Title Principles of stellar evolution and nucleosynthesis :
Remainder of title with a new preface /
Statement of responsibility, etc Donald D. Clayton.
250 ## - EDITION STATEMENT
Edition statement University of Chicago press edition.
264 #1 - PUBLICATION, DISTRIBUTION, ETC. (IMPRINT)
Place of publication, distribution, etc Chicago ;
-- London :
Name of publisher, distributor, etc University of Chicago Press,
Date of publication, distribution, etc [1983]
264 #4 - PUBLICATION, DISTRIBUTION, ETC. (IMPRINT)
Date of publication, distribution, etc c1983
300 ## - PHYSICAL DESCRIPTION
Extent xxii, 612 pages :
Other physical details illustrations ;
Dimensions 23 cm
336 ## - CONTENT TYPE
Source rdacontent
Content type term text
Content type code txt
337 ## - MEDIA TYPE
Media type term unmediated
Source rdamedia
Media type code n
338 ## - CARRIER TYPE
Carrier type term volume
Carrier type code nc
Source rdacarrier
500 ## - GENERAL NOTE
General note Reprint. Originally published : New York : McGraw-Hill, [1968]
504 ## - BIBLIOGRAPHY, ETC. NOTE
Bibliography, etc Includes bibliographical references and index.<br/>
650 #7 - SUBJECT ADDED ENTRY--TOPICAL TERM
Topical term or geographic name as entry element Stars
General subdivision Evolution.
Source of heading or term BUEsh
9 (RLIN) 37569
650 #7 - SUBJECT ADDED ENTRY--TOPICAL TERM
Topical term or geographic name as entry element Nucleosynthesis.
Source of heading or term BUEsh
9 (RLIN) 37570
653 ## - INDEX TERM--UNCONTROLLED
Resource For college Engineering, General
Arrived date list March2015
655 ## - INDEX TERM--GENRE/FORM
Form subdivision Reading book
9 (RLIN) 34232
942 ## - ADDED ENTRY ELEMENTS (KOHA)
Source of classification or shelving scheme Dewey Decimal Classification
Koha item type Book - Borrowing
Holdings
Withdrawn status Lost status Source of classification or shelving scheme Damaged status Not for loan Collection code Home library Current library Shelving location Date acquired Source of acquisition Total Checkouts Full call number Barcode Date last seen Price effective from Koha item type
    Dewey Decimal Classification     Baccah Central Library Central Library First floor 01/04/2015 Purchase   521.58 CLA 000037847 15/07/2025 01/04/2015 Book - Borrowing